<?xml version="1.0" encoding="UTF-8"?><?xml-stylesheet type="text/xsl" href="static/style.xsl"?><OAI-PMH xmlns="http://www.openarchives.org/OAI/2.0/" xmlns:xsi="http://www.w3.org/2001/XMLSchema-instance" xsi:schemaLocation="http://www.openarchives.org/OAI/2.0/ http://www.openarchives.org/OAI/2.0/OAI-PMH.xsd"><responseDate>2026-06-30T04:06:48Z</responseDate><request verb="GetRecord" identifier="oai:repisalud.isciii.es:20.500.12105/7975" metadataPrefix="marc">https://repisalud.isciii.es/rest/oai/request</request><GetRecord><record><header><identifier>oai:repisalud.isciii.es:20.500.12105/7975</identifier><datestamp>2025-05-05T11:05:03Z</datestamp><setSpec>com_20.500.12105_2052</setSpec><setSpec>com_20.500.12105_2051</setSpec><setSpec>col_20.500.12105_19609</setSpec></header><metadata><record xmlns="http://www.loc.gov/MARC21/slim" xmlns:dcterms="http://purl.org/dc/terms/" xmlns:doc="http://www.lyncode.com/xoai" xmlns:xsi="http://www.w3.org/2001/XMLSchema-instance" xsi:schemaLocation="http://www.loc.gov/MARC21/slim http://www.loc.gov/standards/marcxml/schema/MARC21slim.xsd">
   <leader>00925njm 22002777a 4500</leader>
   <datafield ind2=" " ind1=" " tag="042">
      <subfield code="a">dc</subfield>
   </datafield>
   <datafield ind2=" " ind1=" " tag="720">
      <subfield code="a">Anda, Pedro</subfield>
      <subfield code="e">author</subfield>
   </datafield>
   <datafield ind2=" " ind1=" " tag="720">
      <subfield code="a">Gil, Horacio</subfield>
      <subfield code="e">author</subfield>
   </datafield>
   <datafield ind2=" " ind1=" " tag="720">
      <subfield code="a">Escudero, Raquel</subfield>
      <subfield code="e">author</subfield>
   </datafield>
   <datafield ind2=" " ind1=" " tag="720">
      <subfield code="a">Jado, Isabel</subfield>
      <subfield code="e">author</subfield>
   </datafield>
   <datafield ind2=" " ind1=" " tag="720">
      <subfield code="a">Rodriguez-Moreno, Isabel</subfield>
      <subfield code="e">author</subfield>
   </datafield>
   <datafield ind2=" " ind1=" " tag="260">
      <subfield code="c">2009-10-30</subfield>
   </datafield>
   <datafield ind2=" " ind1=" " tag="520">
      <subfield code="a">Método de identificación de especies bacterianas de los géneros Anaplasma/Ehrlichia y Bartonella. La presente invención, referida a un método de detección e identificación de las especies bacterianas pertenecientes a los géneros Anaplasma/Ehrlichia y Bartonella. Junto con este método, la invención también proporciona los cebadores y sondas necesarios para llevarlo a cabo.</subfield>
   </datafield>
   <datafield ind2=" " ind1=" " tag="520">
      <subfield code="a">Reivindicaciones disponibles del expediente:&#xd;
 &#xd;
1. Método para la detección simultánea de especies bacterianas causantes de zoonosis, pertenecientes a los géneros Anaplasma/Ehrlichia y Bartonella, que comprende los siguientes pasos:&#xd;
&#xd;
a. Poner en contacto la muestra a analizar con una mezcla de reacción que comprenda cebadores específicos que amplifiquen las secuencias seleccionadas del grupo que comprende SEQ ID NO: 1-17 y 47 ó sus respectivas secuencias complementarias.&#xd;
b. Amplificar mediante reacción en cadena de la polimerasa.&#xd;
c. Identificar la formación de productos del paso anterior, siendo dicha formación indicativa de la presencia o ausencia de bacterias causantes de zoonosis.&#xd;
2. Método para la detección simultánea de especies bacterianas según reivindicación 1, donde los cebadores consisten en las secuencias seleccionadas del grupo que comprende SEQ ID NO:18-25 y sus secuencias complementarias.&#xd;
&#xd;
3. Método para la detección simultánea de especies bacterianas según cualquiera de las reivindicaciones 1 a 2, donde la detección de los productos de amplificación se realiza mediante sondas que consisten en las secuencias seleccionadas del grupo que comprende SEQ ID NO:26-42 y 48 y sus secuencias complementarias.&#xd;
&#xd;
4. Cebadores cuya secuencia consiste en cualquiera de las secuencias SEQ ID NO:20-21 y sus secuencias complementarias, donde dichos cebadores permiten la amplificación de cualquiera de las secuencias seleccionadas del grupo que comprende SEQ ID NO: 2-7 y 47.&#xd;
&#xd;
5. Cebadores cuya secuencia consiste en cualquiera de las secuencias SEQ ID NO:22-23 y sus secuencias complementarias, donde dichos cebadores permiten la amplificación de la secuencia que comprende la SEQ ID NO: 8.&#xd;
&#xd;
6. Sondas cuya secuencia consiste en cualquiera de las secuencias seleccionadas del grupo que comprende SEQ ID NO:26-42 y 48 y sus secuencias complementarias, donde dichas sondas son capaces de hibridar con las secuencias seleccionadas del grupo que comprende SEQ ID NO:1-17 y 47 y su secuencias complementarias, según se indica en las tablas 2 y 3.&#xd;
&#xd;
7. Kit de análisis capaz de llevar a cabo el método según cualquiera de las reivindicaciones 1 a 3.&#xd;
&#xd;
8. Kit según la reivindicación anterior que comprende cebadores según las reivindicaciones 4 y 5.&#xd;
&#xd;
9. Kit según cualquiera de las reivindicaciones 7-8 que comprende sondas según la reivindicaciones 6.</subfield>
   </datafield>
   <datafield ind2=" " ind1=" " tag="520">
      <subfield code="a">Cuando una patente se hace internacional, se puede encontrar en el idioma de cada país en que se ha solicitado. En Espacenet se tiene acceso a los documentos en cada idioma.</subfield>
   </datafield>
   <datafield ind1="8" ind2=" " tag="024">
      <subfield code="a">ES2327593 A1</subfield>
   </datafield>
   <datafield ind1="8" ind2=" " tag="024">
      <subfield code="a">20070001830</subfield>
   </datafield>
   <datafield ind1="8" ind2=" " tag="024">
      <subfield code="a">http://hdl.handle.net/20.500.12105/7975</subfield>
   </datafield>
   <datafield tag="653" ind2=" " ind1=" ">
      <subfield code="a">Anaplasma</subfield>
   </datafield>
   <datafield tag="653" ind2=" " ind1=" ">
      <subfield code="a">Ehrlichia</subfield>
   </datafield>
   <datafield tag="653" ind2=" " ind1=" ">
      <subfield code="a">Bartonella</subfield>
   </datafield>
   <datafield tag="653" ind2=" " ind1=" ">
      <subfield code="a">Detección especies bacterianas</subfield>
   </datafield>
   <datafield ind2="0" ind1="0" tag="245">
      <subfield code="a">Método de identificación de especies bacterianas de los géneros Anaplasma/Ehrlichia y Bartonella.</subfield>
   </datafield>
</record></metadata></record></GetRecord></OAI-PMH>